| 000 | 01990ctm a22003491a 4500 | ||
|---|---|---|---|
| 003 | SA-RiAUC | ||
| 005 | 20251215131443.0 | ||
| 007 | co ug ---uuauu | ||
| 008 | 251209s1996 su fsbm 00000 ara c | ||
| 040 |
_aSA-JeALM _bara _cSA-RiAUC _erda |
||
| 082 | 0 | 4 |
_a251 _qSA-RiAUC |
| 090 |
_aر 251 _bج ا ب |
||
| 100 | 1 | _aجابي، محمد غزالي عمر | |
| 245 | 1 | 0 |
_aتحقيق كتاب لباب المحصول في علم الأصول لابن رشيق المالكي المتوفى سنة 680 هـ / _cمحمد غزالي عمر جاب ؛ إشراف السيد صالح عوض النجار. |
| 260 | _c[1996] | ||
| 264 |
_aمكة المكرمة : _bجامعة أم القرى _c1997 |
||
| 300 |
_a346 ورقة؛ _c30 سم. |
||
| 500 | _aإهداء من المؤلف محمد غزالي عمر جاب بتاريخ 1418/12/9 هـ | ||
| 500 | _aأطروحة (دكتوراه)-جامعة أم القرى، كلية الشريعة، قسم الدراسات العليا الشرعية، 1996. | ||
| 502 | _aأطروحة (دكتوراه)-جامعة أم القرى، كلية الشريعة، قسم الدراسات العليا الشرعية، 1996. | ||
| 504 | _aيشتمل على إرجاعات ببليوجرافية. | ||
| 600 | 1 | 7 |
_aبن رشيق، الحسن بن رشيق القيرواني، _d390-463 هجري _vأقراص مدمجة _2aucnm |
| 650 | 7 |
_aالفقه المالكي _2aucsh |
|
| 650 | 7 |
_aأصول الفقه الإسلامي _2aucsh |
|
| 700 | 1 | 2 |
_aبن عتيق، الحسين بن عتيق بن الحسين، _dتوفي حوالي 680 هجري |
| 700 | 1 | 2 |
_aالغزالي، محمد بن محمد بن محمد، _cحجة الإسلام، _d450-505 هجري |
| 700 |
_aالنجار, السيد صالح عوض. _eإشراف |
||
| 740 | 0 | 2 | _aلباب المحصول في علم الأصول. |
| 740 | 0 | 2 | _aالمستصفى من علم الأصول. |
| 942 |
_2ddc _cTHESES _n0 |
||
| 949 |
_aSA-JeALM _d251209 _umohamedma123 _n1 |
||
| 999 |
_c13541 _d13541 |
||